|
|
|
|
| LEADER |
01187nam a22003494a 4500 |
| 001 |
27469 |
| 003 |
BD-DhAAL |
| 005 |
20150206114405.0 |
| 008 |
130917r20122006cau b 001 0 eng |
| 010 |
|
|
|a 2005932913
|
| 020 |
|
|
|a 9781412918923
|
| 020 |
|
|
|a 1412918928
|
| 020 |
|
|
|a 9781412918930 (pbk.)
|
| 020 |
|
|
|a 1412918936 (pbk.)
|
| 040 |
|
|
|a DLC
|c DLC
|d DLC
|d BD-DhAAL
|
| 050 |
0 |
0 |
|a HC79.C6
|b G33 2006
|
| 082 |
0 |
0 |
|a 381.3
|2 22
|
| 999 |
|
|
|c 13981
|d 13981
|
| 999 |
|
|
|c 13981
|
| 100 |
1 |
|
|a Gabriel, Yiannis,
|d 1952-
|9 3135
|
| 245 |
1 |
4 |
|a The unmanageable consumer /
|c Yiannis Gabriel and Tim Lang.
|
| 250 |
|
|
|a 2nd ed.
|
| 260 |
|
|
|a Thousand Oaks, CA :
|b Sage Publications,
|c 2006. [Reprinted 2005]
|
| 300 |
|
|
|a viii, 220 p. ;
|c 25 cm.
|
| 504 |
|
|
|a Includes bibliographical references (p. [198]-215) and index.
|
| 541 |
|
|
|e 27469
|
| 650 |
|
0 |
|a Consumers.
|9 1399
|
| 650 |
|
0 |
|a Consumption (Economics)
|9 2870
|
| 650 |
|
0 |
|a Consumer behavior.
|9 747
|
| 700 |
1 |
|
|a Lang, Tim.
|9 3136
|
| 942 |
|
|
|2 ddc
|c BK
|
| 952 |
|
|
|0 0
|1 0
|2 ddc
|4 0
|6 381_300000000000000_GAB
|7 0
|9 23428
|a BRACUL
|b BRACUL
|c GEN
|d 2013-09-17
|e Trim Education
|g 4675.00
|l 2
|o 381.3 GAB
|p 3010027469
|r 2019-10-29
|s 2019-10-22
|t 1
|w 2013-09-17
|y BK
|